Fenomén historizmu v myslení o literatúre metodologická reflexia o vzťahu textu ku kultúrnej a spoločenskej štruktúre

Bibliographic Details
Main Author: Hlavatá, Renáta, 1963- (Author)
Format: Book
Language:Slovak
PhysicalDescription:148 s. 21 cm
Published: Nitra Univerzita Konštantína Filozofa 2011
ISBN:9788080948719
Edition:1. vyd.
Subjects:

MARC

LEADER 00000aam a22000005a 4500
001 vtls010281091
003 SK-MaSNL
005 20260301031805.0
008 240313s2011 xo 000 0 slo
015 |a SNBA2011/12-06015 
020 |a 9788080948719  |q (brož.) 
035 |a 27B241D5-402E-4964-B7DC-FADA006213B4 
035 |a urn:nbn:sk:snk-amjhxs 
035 |a urn:nbn:sk:snk-am001yjz 
040 |a SNK  |b slo  |c SNK  |e AACR2 
041 0 |a slo 
044 |a xo  |c SK 
072 7 |a 930  |x Historická veda. Pomocné vedy historické. Archívnictvo  |2 konspekt 
072 7 |a 82  |x Literatúra. Literárny život  |2 konspekt 
080 |a 930.1  |2 2001 
080 |a 159.955  |2 2001 
080 |a 82  |2 2001 
080 |a (048.8)  |2 2001 
100 1 |a Hlavatá, Renáta,  |d 1963-  |4 aut  |9 116708 
245 1 0 |a Fenomén historizmu v myslení o literatúre  |b metodologická reflexia o vzťahu textu ku kultúrnej a spoločenskej štruktúre  |c Renáta Hlavatá 
250 |a 1. vyd. 
260 |a Nitra  |b Univerzita Konštantína Filozofa  |c 2011 
300 |a 148 s.  |c 21 cm 
366 |e 150 výt. 
504 |a Bibliogr. s. 133-148 
650 0 7 |a historizmus  |2 SNKPH  |9 74706 
650 0 7 |a myslenie  |2 SNKPH  |9 1638 
650 0 7 |a literatúra  |2 SNKPH  |9 1427 
650 0 7 |a Historicism  |2 SNKPHengm  |9 327903 
650 0 7 |a Thought and thinking  |2 SNKPHeng  |9 313886 
650 0 7 |a Literature  |2 SNKPHeng  |9 265137 
655 7 |a monografie  |2 SNKPH  |9 70139 
655 7 |a Monographs  |2 SNKPHeng  |9 120675 
710 2 |a Univerzita Konštantína Filozofa v Nitre.  |b Filozofická fakulta  |4 pbl 
852 |a Štátna vedecká knižnica v Banskej Bystrici 
919 |a 978-80-8094-871-9 
958 |a OND 
958 |a NB 
968 |d 93/94 
999 |c 577315  |d 579245 
952 |a SNK  |b SNK  |y PREZ  |7 0  |p 17A0703967  |o snkSC 145580  |i snk2011/12146  |8 0  |0 0  |1 0  |4 0  |d 2011-05-25  |l 0  |r 2025-07-15 00:00:00  |w 2026-02-23 
952 |a SNK  |b SNK  |y VYP  |7 0  |p 17A0703966  |o snkSC 145580 D1  |i snk2011/12147  |8 0  |0 0  |1 0  |4 0  |d 2011-05-25  |f 1  |l 0  |r 2026-02-23 14:37:55  |w 2026-02-23